Personnages de Winnie l'Ourson - Statistiques

Statistiques générales
  • Ce quiz a été pris 9 439 fois
    9 103 depuis la dernière actualisation
  • Le résultat moyen est 5 sur 9
Statistiques - réponses
Indices Personnages % Correct
Personnage principal Winnie l'Ourson
100%
Félin orange et rebondissant Tigrou
92%
Adorable meilleur ami tout rose Porcinet
88%
Ane déprimé Bourriquet
71%
Lapin jaune vivant dans un terrier Coco Lapin
39%
Seul personnage humain Jean-Christophe
39%
Vieil oiseau sage vivant dans un arbre Maître Hibou
34%
...et son fils Petit Gourou
34%
Mère kangourou... Maman Gourou
33%
Aucun quiz correspondant
Distribution des résultats
% des personnes avec chaque résultat
Percentile par nombre de réponses
Votre historique - résultats
Vous n’avez pas pris ce quiz depuis la dernière actualisation